Bundesliga Teams 2021-22 - Statistics

General Stats
  • This quiz has been taken 182 times
  • The average score is 15 of 18
Answer Stats
team % Correct
Borussia {Dortmund}
99%
Bayern {München}
98%
Union {Berlin}
98%
Bayer {Leverkusen}
97%
Eintracht {Frankfurt}
97%
RB {Leipzig}
93%
Borussia {Mönchengladbach}
90%
1. FC {Köln}
88%
VfB {Stuttgart}
86%
VfL {Wolfsburg}
84%
{Mainz} 05
76%
{Hertha} BSC
75%
Arminia {Bielefeld}
73%
VfL {Bochum}
71%
Greuther {Fürth}
70%
1899 {Hoffenheim}
69%
SC {Freiburg}
66%
FC {Augsburg}
58%
No matching quizzes found
Score Distribution
Percent of People with Each Score
Percentile by Number Answered
Your Score History
You have not taken this quiz